• 首页
  • 本馆介绍
  • 公告通知
  • 最新文献
  • 馆藏检索
  • 电子资源
  • 读者导购
  • 参考咨询
  • 我的图书馆
  • 登录
  • 详细信息显示
  • 放入我的书架
  • 预约/预借图书
  • 作者相关作品
  • 分类相关作品
  • 丛书相关作品
  • 出版社相关作品

书目信息

  • 表格格式
  • 工作单格式
  • 卡片格式
题名:
古代天山历史地理学研究
    
 
作者: 松田寿男 著 ;陈俊谋 译
分册:  
出版信息: 北京   中国民族学院出版社  1987
页数: 475页
开本: 20cm
丛书名:
单 册:
中图分类: K928.2
科图分类:
主题词: 历史地理-天山--古代 , 地理--中国
电子资源:
ISBN:
000 00796nam0 2200277 45
001 0187007976
005 20040630163212.4
010    @dCNY3.50
091    @a11441.9
100    @a19900830d1987 emky0chiy0121 ea
101 1  @achi@cjpn
102    @aCN@b110000
105    @af z 000yy
106    @ar
200 10 @a古代天山历史地理学研究@Agu dai tian shan li shi di li xue yan jiu@f(日)松田寿男著@g陈俊谋译
210    @a北京@c中国民族学院出版社@d1987
215    @a475页@c图@d20cm
606    @a历史地理-天山@z古代
606 0  @a地理@x中国
607    @a天山@x历史地理@z古代
690    @aK928.2@v3
701  0 @a松田寿男@Asong tian shou nan@4著
702  0 @a陈俊谋@Achen jun mou@4译
801  0 @aCN@b深圳图书馆@c20040513
801  2 @aCN@bNLC@c20040513
905    @dK928.2@e141@f1@b211495
    
    古代天山历史地理学研究/(日)松田寿男著/陈俊谋译.-北京:中国民族学院出版社,1987
    475页:图;20cm
    
    
    ISBN :CNY3.50
    
●
相关链接 在E读中查询图书 在五车中查询图书 在当当中查询图书 在豆瓣中查询图书


正题名:古代天山历史地理学研究     索取号:K928.2/141         预约/预借

序号 登录号 条形码 馆藏地/架位号 状态 备注
1 0211494   000080931   密集书库/ [索取号:K928.2/141] 在馆    
2 0211495   001937514   密集书库/ [索取号:K928.2/141] 在馆    
3 0211496   202091360   第二样本阅览室/ [索取号:K928.2/141] 在馆    
唐山师范学院图书馆 欢迎您!
大连网信软件有限公司© 版权所有